Score 0/7 Timer 03:00
0 Plays Today
Question Answer Wrong Answers
The Wright Brothers apply for a patent for what?
1903
Airplane
94%
Steam Engine
1.5%
Vacuum Cleaner
2.1%
Plastic
0.8%
Which daredevil broke 93 bones after he lost control of his motorcycle?
1972
Evel Knievel
92.7%
Travis Pastrana
1.2%
Eddie Kidd
2%
Larry Walters
1%
'Livin' la Vida Loca' is released by this singer. It went on to hit number 1 on the Billboard Hot 100.
1999
Ricky Martin
86.9%
Enrique Iglesias
5.2%
Shakira
1.7%
Jennifer Lopez
2.3%
'Give me liberty, or give me death!' is said to the Second Virginia Convention. Which Founding Father is this quote attributed to?
1775
Patrick Henry
79.3%
Thomas Jefferson
10.9%
Benjamin Franklin
7.7%
John Jay
2%
This musical has its opening night of its revival, starring Matthew Broderick.
1995
How to Succeed in Business Without Really Trying
54.1%
Damn Yankees
12.5%
Carousel
5.2%
Chicago
24.6%
The Second Reconstruction Act is passed, despite the veto by this president.
1867
Andrew Johnson
50.6%
Abraham Lincoln
11.4%
Andrew Jackson
16.2%
Ulysses S. Grant
21%
This actress, known for appearing in 'Mildred Pierce' and 'What Ever Happened to Baby Jane?' is born.
1905
Joan Crawford
49.3%
Marilyn Monroe
5.1%
Judy Garland
7.6%
Bette Davis
35.6%
Remove Ads.
Support Sporcle.
Get the best of Sporcle when you Go Orange. This ad-free experience offers more features, more stats, and more fun while also helping to support Sporcle. Thank you for becoming a member.

You're not logged in!

Compare scores with friends on all Sporcle quizzes.
OR
Log In

Show Comments

Extras

Top Quizzes Today


Score Distribution

Your Account Isn't Verified!

In order to create a playlist on Sporcle, you need to verify the email address you used during registration. Go to your Sporcle Settings to finish the process.

Report this User

Report this user for behavior that violates our Community Guidelines.

Details: